000 00562nam a2200157Ia 4500
008 210716s2018 xx 000 0 und d
020 _a9789352137367
041 _aeng
082 _a729 CLIL
100 _aCline, Lydia Sloan.
245 _aMake fusion 360 for makers: design your own digital models for 3D printing and CNC fabrication.
_bDesign your own digital models for 3D printing and CNC fabrication.
250 _a1
260 _aMumbai
_bShroff Publishers and Distributors Pvt Ltd
_c2018
300 _axvii,286
650 _aDesign and decoration(729)
999 _c196957
_d196957